000 01828nam0a2200373 4500
001 RU\NLR\BIBL_A\010461830
005 20260407163749.0
010 _a978-5-91734-040-1
_9500
021 _aRU
_b2014-50271
_93038
035 _a(NLR Aleph) 010461830
035 _a(NILC)RuMoRGB-007516925
090 _a9980314
_c9980314
100 _a20140912d2014 k y0rusy50 ca
101 1 _arus
_ceng
102 _aRU
105 _ay|||z||||00yy
200 1 _aГлобальная гражданственность
_e[избранные главы из книги Hakan Altinay ed. Global civics: responsibilities and rights in an independent world - Washington: Brookings institution press, 2011]
_fХакан Алтинай
_g[пер. с англ. Инны Березкиной]
210 _aМосква
_cМосковская школа гражданского просвещения
_d2014
215 _a94, [1] с.
_d20
225 1 _aСвоевременная мысль
500 1 0 _6z01702
_aGlobal civics: responsibilities and rights in an independent world
606 1 _aГражданственность
_xСоциокультурные исследования
_92471246
_3RU\NLR\AUTH\661467722
610 0 _aглобальная гражданственность
686 1 _aТ3(0)-7
700 1 _aАлтинай
_bХ.
_gХакан
_9145115
_3RU\NLR\AUTH\770145151
701 1 _4570
_6z01500
_7ba
_8eng
_aAltinay
_bH.
_gHakan
_9145116
_3RU\NLR\AUTH\770145152
801 0 _aRU
_bРГБ
_c20140707
_gRCR
942 _cBOOK
980 _aNBR
980 _aIA
980 _aNB
996 _aиноагент
_bo
_cАвтономная некоммерческая организация «Московская школа гражданского просвещения»